Footballers Alphabet (Hard edition) - Statistics

General Stats
  • This quiz has been taken 41 times
  • The average score is 8 of 26
Answer Stats
Letter Clue Answer % Correct
A Athletic Striker Aduriz
76%
H Chelsea Midfielder Hazard
59%
G Atlético Madrid Midfielder Gabi
53%
U Leicester Striker Ulloa
44%
B Las Palmas Midfielder Boateng
41%
E Inter Milan Striker Éder
41%
L Tottenham Midfielder Lamela
41%
S Liverpool Defender Sakho
38%
F Olympique Lyon Striker Fékir
35%
Z West Ham Striker Zaza
35%
T Shanghai Shenhua Striker Tévez
32%
Y Newcastle Defender Yedlin
32%
R Swansea Defender Rangel
29%
D Juventus Defender Dani Alves
26%
N Sevilla Midfielder N'Zonzi
26%
W Bournemouth Midfielder Wilshere
26%
P Lazio Midfielder Parolo
24%
C Málaga Midfielder Camacho
21%
J Benfica Defender Jardel
21%
X Real Sociedad Midfielder Xabi Prieto
21%
M Sevilla Defender Mercado
18%
V Ajax Defender Veltman
15%
Q Rennes Forward Quintero
6%
I Alavés Forward Ibai Gómez
3%
K Hamburg Midfielder Kacar
3%
O Porto Midfielder Óliver Torres
3%
No matching quizzes found
Score Distribution
Percent of People with Each Score
Percentile by Number Answered
Your Score History
You have not taken this quiz